000 00531nam a2200193Ia 4500
005 20250326141142.0
008 250326s9999 xx 000 0 und d
020 _a0-13-140229-3
037 _aTextbook
040 _aFMSL
_beng
_cFMSL
041 _aeng
_2eng
084 _aX.1 N2
_qFMSL
100 _aAngresano James
_9743842
245 0 _aComparative economics
_cAngresano James
260 _aNew Jersey
_bNew Jersey, Prentice Hall
_c1992
300 _axiv,512
942 _cTB
_hX.1 N2
999 _c1288947
_d1288947